| 000 | 00544nam a22001817a 4500 | ||
|---|---|---|---|
| 005 | 20251108175121.0 | ||
| 008 | 250721s2006 xx 000 0 ara d | ||
| 082 | 1 | 4 | _a346.048/فقي |
| 100 | 1 | _aرباح، غسان | |
| 245 | 1 | 0 | _aحماية الملكية الفكرية عبر الاقمار الصناعية / |
| 264 |
_bصادر ناشرون، _c2006. |
||
| 300 | _a240ص. | ||
| 490 | 0 | _aصادر في الملكية الفكرية | |
| 650 | 1 | 7 | _aالقانون |
| 650 | 1 | 7 | _aالتأليف |
| 942 |
_2ddc _cBK |
||
| 999 |
_c126575 _d126575 |
||